000 00566nam a2200193Ia 4500
005 20250326143614.0
008 250326s9999 xx 000 0 und d
020 _a0-87389-296-8
037 _aTextbook
040 _aFMSL
_beng
_cFMSL
041 _aeng
_2eng
084 _aX:8Q8 N5
_qFMSL
100 _aCamp R C
_9735947
245 0 _aBusiness process benchmarking : finding and implementing best practices
_cCamp R C
260 _aWisconsin
_bWisconsin, ASQ Quality
_c1995
300 _a464p
942 _cTB
_hX:8Q8 N5
999 _c1300245
_d1300245